Statistics for Sidewinder's Hindu Mythology Quiz I - Mahabharata

Click here to take the quiz!

General Stats

  • This quiz has been taken 526 times
  • The average score is 6 of 10

Answer Stats

HintAnswer% Correct
Who wrote the MahabharataVed Vyasa
83%
How many days was the Kurukshetra war fought?18
77%
How many sons did Kunti have (by birth)?4
76%
Who was the commander of the Kauravs after BhishmaDrona
69%
Radheya was the other name of ________Karna
64%
Abhimanya was the son of Arjuna and _______Subhadra
63%
Gatotkacha was the son of Bhima and ________Hidimba
52%
Dhritarashtra had 101 sons and one daughter. Can you name his sole daughter?Dushala
41%
Which apsara wanted to marry Arjuna when he was in Indraloka?Urvashi
38%
The house of lac was built by _________Purochan
19%

Score Distribution

Percentile by Number Answered

Percent of People with Each Score

Your Score History

You have not taken this quiz